000 01066nam0a22002891 4500
001 v19\rc\1807350
005 20250619124927.0
035 _a(NLR Aleph) 004907977
090 _a5446597
_c5446597
100 _a20071224d1906 |||y0rusy50 ca
101 0 _arus
102 _aRU
105 _ay z |||||
200 1 _aМысли о некоторых мерах к оздоровлению Русского государства
_eКое-что о евреях, рус. о-ве, либералах, революционерах, министрах, патриаршестве, Гос. думе и самодержавии
_fСоч. Хр. Пр....ко
210 _aКиев
_cлито-тип. т-ва И.Н. Кушнерев и К°
_d1906
215 _a32 с.
_d24
701 1 _aПр...ко
_bХр.
801 0 _aRU
_bNLR
_gpsbo
801 0 _aRU
_bRuMoRGB
_2psbo
801 1 _aRU
_bProSoft-M
_2rusmarc
852 _aNLR
_j34.50.3.1546
899 _aRuMoRGB
_jA 279/1235
899 _aБАН
899 _aГПИБ
899 _aНБ МГУ
942 _cBOOK
980 _aNB